| 000 | 00529nam a22001937a 4500 | ||
|---|---|---|---|
| 003 | OSt | ||
| 005 | 20240625160801.0 | ||
| 008 | 240625b |||||||| |||| 00| 0 eng d | ||
| 020 | _a9781-4129-0275-5 | ||
| 040 | _cMUST | ||
| 082 |
_222 _a361.01 SAG 2006 |
||
| 100 |
_aColin Feltham _917890 |
||
| 245 |
_aThe SAGE handbppk of counselling and psychotherapy _cedited by colin Feltham |
||
| 300 |
_axxviii, 592p. _c24cm |
||
| 504 | _aincludes index | ||
| 650 | _2counselling | ||
| 700 |
_aHorton, Ian _917891 |
||
| 942 |
_2ddc _cO_SHELF |
||
| 999 |
_c8854 _d8854 |
||